Aplikácia iónových zväzkov v mikroelektronike a optoelektronike : Priebežná správa z riešenia úlohy štátného plánu RVT III-7-2/02

Gespeichert in:
Bibliographische Detailangaben
Hauptverfasser: Bello, Igor (Verfasst von), Dúbravcová, Viera (Verfasst von), Grňo, J. (Verfasst von), Janík, Ján, 1946- (Verfasst von), Kovačičová, Magdaléna (Verfasst von), Král, Jozef, 1941- (Verfasst von), Kremničan, V. (Verfasst von)
Weitere Verfasser: Bederka, Štefan, 1937- (Leitung des Forschungsteams)
Format: Buch
Veröffentlicht: Bratislava : SVŠT v Bratislave EF, 1988
Tags: Tag hinzufügen
Keine Tags, Fügen Sie das erste Tag hinzu!

MARC

LEADER 00000nam a22000003a 4500
001 stu235410
005 20150617230142.4
008 111004s1988----------------------------d
040 |a STU  |b slo 
041 0
100 1 |a Bederka, Štefan,  |d 1937-  |4 rth  |u E210  |U FEI Fakulta elektrotechniky a informatiky  |T FEI Katedra mikroelektroniky  |X 1974  |U E210  |Y 68  |7 A000001974 
245 1 |a Aplikácia iónových zväzkov v mikroelektronike a optoelektronike :  |b Priebežná správa z riešenia úlohy štátného plánu RVT III-7-2/02 
260 |a Bratislava :  |b SVŠT v Bratislave EF,  |c 1988 
300 |a 79 s 
700 1 |a Bello, Igor  |4 aut 
700 1 |a Dúbravcová, Viera  |4 aut 
700 1 |a Grňo, J.  |4 aut 
700 1 |a Janík, Ján,  |d 1946-  |4 aut  |u E030  |U FEI Fakulta elektrotechniky a informatiky  |T FEI Ústav elektroniky a fotoniky  |X 2098  |U E030  |Y 549  |7 A000002098 
700 1 |a Kovačičová, Magdaléna  |4 aut 
700 1 |a Král, Jozef,  |d 1941-  |4 aut  |u E210  |U FEI Fakulta elektrotechniky a informatiky  |T FEI Katedra mikroelektroniky  |X 1931  |U E210  |Y 68  |7 A000001931 
700 1 |a Kremničan, V.  |4 aut 
996 |b EVYSK-S-400  |c E*VYSK-S-400  |l E  |s P  |a 0  |w stu235410_0001